00407nam a2200133Ia 4500008004100000082001200041100001600053245004000069260001800109600001500127942000700142952010700149999001700256241002s9999 xx 000 0 und d a128 HUM aHume, David 2aA Treatise of Human Nature Book One aLondon:c1967 aPhilosophy cUC 00104070aUITUbUITUd1994-01-01l1o128 HUMpUC519r2025-12-09 10:47:47s2025-12-05w2024-10-02yUC c18846d18846